|
|
|
|
| LEADER |
00735cam a2200241 7i4500 |
| 001 |
0000036024 |
| 005 |
20190625090000.0 |
| 007 |
##ta |
| 008 |
190625s2008 my |
| 020 |
# |
# |
|a 9789833724123
|
| 040 |
# |
# |
|a MATR
|
| 090 |
0 |
0 |
|a B 899.233010803
|b MAL (LRM)
|
| 100 |
0 |
# |
|a Malim Ghozali P. K.
|
| 245 |
1 |
0 |
|a INI CHOW KIT ROAD, SUDILAH MAMPIR!
|c MALIM GHOZALI PK.
|
| 264 |
# |
4 |
|a ♭.
|
| 264 |
# |
1 |
|a Petaling Jaya:
|b Seladang Ventures,
|c 2008.
|
| 300 |
# |
# |
|a 238 pages:
|b illustrations;
|c 21 cm.
|
| 336 |
# |
# |
|a text
|2 rdacontent
|
| 337 |
# |
# |
|a unmediated
|2 rdamedia
|
| 338 |
# |
# |
|a volume
|2 rdacarrier
|
| 504 |
# |
# |
|a Includes bibliographical references and index
|
| 650 |
1 |
0 |
|a Short stories, Malay
|
| 999 |
|
|
|a 0000039195
|b Book
|c Book
|e Business Information Centre
|